Microsoft Excel pre ekonómov

Bibliographic Details
Main Authors: Hužvár, Miroslav, 1964- (Author), Rigová, Zuzana, 1964- (Author), Striežovská, Leontína (Author), Tomišová, Viera (Author)
Format: Book
Language:Slovak
PhysicalDescription:264 strán tabuľky 21 cm
Published: V Banskej Bystrici Univerzita Mateja Bela 2004
ISBN:8080558973
Edition:1. vyd.
Subjects:

MARC

LEADER 00000cam a2200000 a 4500
001 vtls001481914
003 SK-MaSNL
005 20260302073642.0
008 240226s2004 xo l erp 000 0 slo
015 |a SNBA2005/01-00175 
015 |a SNBA2004 
020 |a 8080558973  |q (brožované) 
035 |a SNK000437211 
035 |a urn:nbn:sk:snk-am3j374 
035 |a 434D6E20-5C25-4BCC-A547-D62DB18BD2B7 
035 |a urn:nbn:sk:snk-am00gi5b 
040 |a SNK  |b slo  |c SNK  |e AACR2 
041 0 |a slo 
044 |a xo  |c SK 
072 7 |a 004.4/.6  |x Programovanie. Softvér  |2 konspekt 
080 |a 33  |2 2011 
080 |a 004.67  |2 2011 
080 |a (075.8)  |2 2011 
080 |a 004.42Excel  |2 2011 
245 0 0 |a Microsoft Excel pre ekonómov  |c Miroslav Hužvár ... [et al.] 
250 |a 1. vyd. 
260 |a V Banskej Bystrici  |b Univerzita Mateja Bela  |c 2004 
300 |a 264 strán  |b tabuľky  |c 21 cm 
366 |e 500 kusov 
650 0 7 |a ekonómia  |2 SNKPH  |9 788 
650 0 7 |a Microsoft Excel  |2 SNKPH  |9 3758 
650 0 7 |a tabuľkové procesory  |2 SNKPH  |9 2028 
655 7 |a učebnice vysokých škôl  |2 SNKPH  |9 70191 
700 1 |a Hužvár, Miroslav,  |d 1964-  |4 aut  |9 208578 
700 1 |a Rigová, Zuzana,  |d 1964-  |4 aut  |9 397861 
700 1 |a Striežovská, Leontína  |4 aut  |9 738326 
700 1 |a Tomišová, Viera  |4 aut  |9 334628 
752 |a Slovensko  |d Banská Bystrica 
919 |a 80-8055-897-3 
958 |a OND 
999 |c 1161815  |d 1163745 
952 |a SNK  |b SNK  |y VYP  |7 0  |p 17A0496326  |o snkSC 117378 D1  |i snkKSP 12286/2004  |0 0  |1 0  |4 0  |d 2006-03-24  |l 0  |r 2026-02-24 20:36:27  |w 2026-02-24 
952 |a SNK  |b SNK  |y PREZ  |7 0  |p 17A0443383  |o snkSC 117378  |i snkKSP 12285/2004  |0 0  |1 0  |4 0  |d 2004-09-17  |f 1  |l 0  |r 2025-10-16 00:00:00  |w 2026-02-24